Domestic animals /
Guardado en:
| Autor Principal: | |
|---|---|
| Formato: | Libro |
| Idioma: | English |
| Publicado: |
New Delhi :
National book trust,
1966.
|
| Series: | India. The land and people, 6
|
| Etiquetas: |
Agregar Etiqueta
Sin Etiquetas, Sea el primero en etiquetar este registro!
|
| LEADER | 00483nam a22001575a 4500 | ||
|---|---|---|---|
| 001 | EUN.um049335 | ||
| 003 | AR-BaUNS | ||
| 005 | 20050623122917.0 | ||
| 008 | 041125s1966####ii#a##########000#0#eng#d | ||
| 245 | 1 | 0 | |a Domestic animals / |c Harbans Singh. |
| 260 | |a New Delhi : |b National book trust, |c 1966. | ||
| 300 | |a 155 p. : |b ilus. ; |c 21 cm. . | ||
| 490 | 0 | |a India. The land and people, 6 | |
| 100 | 1 | |a Singh, Harbans. | |
| 082 | 0 | 4 | |a 954 |
| 859 | |a Ar-BaUNS |b BIB. CENTRAL - Sector C |h 954 |i In2-12 |p 58245/970 |v v.6 | ||
